000 01403nam a22001937a 4500
008 180808b xxu||||| |||| 00| 0 eng d
020 _a9780078021763
050 _aHD4901.M15(10e)
100 _aMcConnell, Campbell R.
245 _aContemporary labor economics. /
_cCampbell R. McConnell, Stanley L. Brue and David A. Macpherson.
250 _a10th ed.
260 _aNew York :
_bMcGraw-Hill,
_c2013.
300 _axvi, 620 p. :
_bill. ;
_c24 cm.
500 _aIncludes Index.
505 _aContents:1: Labor economics :Introduction and overview -- 2. The theory of individual labor supply -- 3. Population,participation rates, and hours of work -- 5. The demand for labor -- 6. Wage determination and the allocation of labor -- 7. Alternative pay schemes and labor efficiency -- 8. The wage structure -- 9. Mobility, -- Migration and efficiency -- 10. Labor Unions and collective bargaining -- 11. The economic impact of unions -- 12. Government and the labor market: Employment,expenditures and taxation -- 13. -- Government and the labor market: legislation and regulation -- 14. Labor market discrimination -- 15. Job search:External and internal -- 16. The distribution of personal earnings -- 17. Labor productivity: Wages, prices, and employment -- 18. Employment and unemployment .
700 _aBrue, Stanley L.
700 _aMacpherson, David A.
942 _2lcc
_cBK
999 _c6641
_d14141